Biểu tượng và không gian kiến trúc - đô thị
Zapisane w:
| 1. autor: | |
|---|---|
| Format: | Książka |
| Język: | Undetermined |
| Wydane: |
TP.HCM
Đại học Kiến trúc TP.HCM
1999
|
| Hasła przedmiotowe: | |
| Dostęp online: | http://lrc.tdmu.edu.vn/opac/search/detail.asp?aID=2&ID=3765 |
| Etykiety: |
Dodaj etykietę
Nie ma etykietki, Dołącz pierwszą etykiete!
|
| Thư viện lưu trữ: | Trung tâm Học liệu Trường Đại học Thủ Dầu Một |
|---|
| LEADER | 00690nam a2200193Ia 4500 | ||
|---|---|---|---|
| 001 | TDMU_3765 | ||
| 008 | 210410s9999 xx 000 0 und d | ||
| 082 | |a 711 | ||
| 090 | |b L46 | ||
| 100 | |a Lê, Thanh Sơn | ||
| 245 | 0 | |a Biểu tượng và không gian kiến trúc - đô thị | |
| 245 | 0 | |c Lê Thanh Sơn | |
| 260 | |a TP.HCM | ||
| 260 | |b Đại học Kiến trúc TP.HCM | ||
| 260 | |c 1999 | ||
| 300 | |a 77tr. | ||
| 650 | |a Không gian kiến trúc; Kiến trúc đô thị; Biểu tượng kiến trúc | ||
| 856 | |u http://lrc.tdmu.edu.vn/opac/search/detail.asp?aID=2&ID=3765 | ||
| 980 | |a Trung tâm Học liệu Trường Đại học Thủ Dầu Một | ||